000 00403nam a2200169Ia 4500
001 14098
003 IN-NITTTR
005 20251114233132.0
008 251113s9999||||xx |||||||||||||| ||eng||
040 _beng
040 _cIN-NITTTR
041 _aeng
082 _a808.0666 J723W
100 _aJones, Paul W.
245 0 _aWriting scientific papers and reports. /
_cJones, Paul W.
942 _2ddc
_cBK
999 _c16734
_d16734